000 00206nam a2200085 4500
001 1255659
005 20251211095142.0
245 _aSÖZCÜKLERİN KAMERA ARKASI
_cFERHAT TAŞTEKİN
260 _bTİMAŞ YAYINLARI
999 _c1255659
_d1255659